| 000 | 00780nam a22002177a 4500 | ||
|---|---|---|---|
| 999 |
_c568 _d568 |
||
| 003 | AR-CdUCM | ||
| 008 | 190225b ||||| |||| 00| 0 spa d | ||
| 040 |
_aMUNICIPALIDAD PROVINCIAL DEL CUSCO _cBIBLIOTECA MUNICIPAL DEL CUSCO |
||
| 082 |
_a370.1 / _bSA17 |
||
| 100 |
_aSalas Rodriguez, J. Wilbert _92211 |
||
| 245 | _aProblemas de la pedagogía / | ||
| 260 |
_aCusco : _bKosko, _c1970. |
||
| 300 |
_a211 páginas ; _c20 cm. |
||
| 500 | _aDonación familia Nieto | ||
| 505 | _aContenido: El hecho educativo -- Concepto de la pedagogía -- Factores de la educación -- La finalidad de la educación -- Los sectores educativos ... | ||
| 650 |
_aPedagogía _91560 |
||
| 650 |
_aCiencia _92098 |
||
| 650 |
_aAutoeducación _92212 |
||
| 942 |
_2ddc _cLIBROS |
||
| 945 |
_aafb _d2019-02-25 |
||